Manual of physical education for elementary schools; (Record no. 21317)

MARC details
000 -LEADER
fixed length control field 01078cam a22002771 4500
001 - CONTROL NUMBER
control field e 33001075
003 - CONTROL NUMBER IDENTIFIER
control field DLC
005 - DATE AND TIME OF LATEST TRANSACTION
control field 20260227111223.0
008 - FIXED-LENGTH DATA ELEMENTS--GENERAL INFORMATION
fixed length control field 820920s1923 wvuaf b s000 0 eng c
010 ## - LIBRARY OF CONGRESS CONTROL NUMBER
LC control number e 33001075
035 ## - SYSTEM CONTROL NUMBER
System control number (OCoLC)8788139
040 ## - CATALOGING SOURCE
Original cataloging agency U.S.Off.of Educ. Library
Transcribing agency DNIE
Modifying agency DLC
042 ## - AUTHENTICATION CODE
Authentication code premarc
043 ## - GEOGRAPHIC AREA CODE
Geographic area code n-us-wv
050 00 - LIBRARY OF CONGRESS CALL NUMBER
Classification number GV361
Item number .W4 1932
082 ## - DEWEY DECIMAL CLASSIFICATION NUMBER
Classification number 613.71
110 1# - MAIN ENTRY--CORPORATE NAME
Corporate name or jurisdiction name as entry element West Virginia.
Subordinate unit State Department of Education.
245 00 - TITLE STATEMENT
Title Manual of physical education for elementary schools;
Statement of responsibility, etc. prescribed by the State board of education, state of West Virginia. Revised by Arthur V.G. Upton, state director of physical education under direction of William C. Cook, state superintendent of free schools. 1932 ...
260 ## - PUBLICATION, DISTRIBUTION, ETC.
Place of publication, distribution, etc. [Charleston,
Date of publication, distribution, etc. 1932]
300 ## - PHYSICAL DESCRIPTION
Extent 240 p.
Other physical details illus., col. pl., diagrs.
Dimensions 23 cm.
500 ## - GENERAL NOTE
General note Includes music.
504 ## - BIBLIOGRAPHY, ETC. NOTE
Bibliography, etc. note Bibliography: p. 236-237.
650 #0 - SUBJECT ADDED ENTRY--TOPICAL TERM
Topical term or geographic name entry element Physical education and training
Geographic subdivision West Virginia.
700 1# - ADDED ENTRY--PERSONAL NAME
Personal name Upton, Arthur Van Gorder.
710 1# - ADDED ENTRY--CORPORATE NAME
Corporate name or jurisdiction name as entry element West Virginia.
Subordinate unit State Board of Education.

No items available.

Powered by Koha